000 00826nam a2200253 i 4500
001 bg
100 1 _aMITKOWSKI, Wojciech
245 1 0 _aRównania macierzowe i ich zastosowania /
_cWojciech Mitkowski.
260 _aKraków :
_bUczelniane Wydawnictwa Naukowo-Dydaktyczne AGH,
_c2006.
300 _a203 s. :
_brys. ;
_c24 cm.
504 _aBibliogr.
650 9 _aMacierze
650 9 _aWyznaczniki
650 9 _aRównania różniczkowe
655 _aPodręczniki akademickie
020 _a8374640553
040 _cBPK
041 0 _apol
080 _a512.64:517(075.8)
920 _a83-7464-055-3
942 _cKS
008 s pl f |000 0 pol
999 _c52849
_d52849
856 _uhttp://koha.tu.koszalin.pl/cgi-bin/koha/opac-detail.pl?biblionumber=52849
_yKatalog online BPK